=LDR 00000nam 2200000 4500 =001 INLIS000000000001211 =005 20130612085623 =008 ***********************************Ind** =035 ##$$0010-061300000001211 =041 ##$$a Ind =082 ##$$a 305.23 =090 ##$$a 305.23, She-s =100 ##$$a Shelton, Charles M =245 ##$$a Spiritualitas kaum muda, Bagaimana mengenal dan mengembangkannya, Charles M. Shelton; penerjemah Y.Rudiyanto =260 ##$$a 1993 $b Yogyakarta =300 ##$$a 107 hlm, ilus, 21 cm =650 ##$$a Pemuda =700 ##$$a Rudiyanto, Y =850 ##$$a NBPNMAT